Samochód po podpowiedzi. - Statystyki

Ogólne statystyki
  • Ten quiz został rozwiązany 337 razy
    159 od ostatniego zresetowania
  • Średni wynik to 11 z 15
Statystyki odpowiedzi
Podpowiedź Odpowiedź % Poprawnych
... Benz Mercedes
96%
... 126p, czyli maluch. Fiat
92%
Szkoda bez z. Skoda
92%
Włoski samochód sportowy na L. Lamborghini
90%
Amerykański na F. Ford
89%
Firma stworzona przez Elona Muska. Tesla
88%
Hiszpański Leon. Seat
86%
Najpopularniejszy samochód z Szwecji. Volvo
86%
... Impreza Subaru
82%
Gwiazda polskiej motoryzacji. Polonez
70%
Jeździł nim Vin Diesel. Dodge
62%
Indyjski samochód. Tata
61%
Logo marki wygląda jak choinka, ale to nie jest choinka. Citroen
53%
Kiedyś tworzyli samoloty. BMW
51%
Samochód zbudowany 1:1 z lego. Bugatti
27%
Nie znaleziono quizów pasujących do podanych kryteriów
Rozkład punktacji
Procent ludzi z każdym wynikiem
Percentyl według liczby udzielonych odpowiedzi
Twoja historia wyników
Nie rozwiązałeś tego quizu od ostatniego zresetowania